The complete handbook of coaching / (Record no. 330883)

000 -LEADER
fixed length control field 01423cam a22003977a 4500
001 - CONTROL NUMBER
control field 15656607
003 - CONTROL NUMBER IDENTIFIER
control field NUST
005 - DATE AND TIME OF LATEST TRANSACTION
control field 20180117090027.0
008 - FIXED-LENGTH DATA ELEMENTS--GENERAL INFORMATION
fixed length control field 090312s2010 caua b 001 0 eng d
010 ## - LIBRARY OF CONGRESS CONTROL NUMBER
LC control number 2009924546
015 ## - NATIONAL BIBLIOGRAPHY NUMBER
National bibliography number GBA984963
Source bnb
020 ## - INTERNATIONAL STANDARD BOOK NUMBER
International Standard Book Number 9781847875426 (hbk.)
020 ## - INTERNATIONAL STANDARD BOOK NUMBER
International Standard Book Number 1847875424 (hbk.)
020 ## - INTERNATIONAL STANDARD BOOK NUMBER
International Standard Book Number 9781849202886 (pbk.)
020 ## - INTERNATIONAL STANDARD BOOK NUMBER
International Standard Book Number 1849202885 (pbk.)
035 ## - SYSTEM CONTROL NUMBER
System control number (OCoLC)ocn477061972
040 ## - CATALOGING SOURCE
Original cataloging agency EQO
Transcribing agency EQO
Modifying agency YDXCP
-- TJC
-- CDX
-- DLC
042 ## - AUTHENTICATION CODE
Authentication code lccopycat
050 00 - LIBRARY OF CONGRESS CALL NUMBER
Classification number BF637.P36
Item number C656 2010
082 04 - DEWEY DECIMAL CLASSIFICATION NUMBER
Classification number 158.3 COM
Edition number 22
245 04 - TITLE STATEMENT
Title The complete handbook of coaching /
Statement of responsibility, etc. edited by Elaine Cox, Tatiana Bachkirova, David Clutterbuck.
246 30 - VARYING FORM OF TITLE
Title proper/short title Handbook of coaching
246 30 - VARYING FORM OF TITLE
Title proper/short title Coaching
260 ## - PUBLICATION, DISTRIBUTION, ETC.
Place of publication, distribution, etc. Los Angeles, Calif. ;
-- London :
Name of publisher, distributor, etc. SAGE,
Date of publication, distribution, etc. 2010.
300 ## - PHYSICAL DESCRIPTION
Extent xxi, 436 p. :
Other physical details ill. ;
Dimensions 24 cm.
504 ## - BIBLIOGRAPHY, ETC. NOTE
Bibliography, etc. note Includes bibliographical references and indexes.
650 #0 - SUBJECT ADDED ENTRY--TOPICAL TERM
Topical term or geographic name entry element Personal coaching.
9 (RLIN) 4009
650 #0 - SUBJECT ADDED ENTRY--TOPICAL TERM
Topical term or geographic name entry element Employees
General subdivision Coaching of.
9 (RLIN) 4010
700 1# - ADDED ENTRY--PERSONAL NAME
Personal name Cox, Elaine.
9 (RLIN) 4011
700 1# - ADDED ENTRY--PERSONAL NAME
Personal name Bachkirova, Tatiana.
9 (RLIN) 4012
700 1# - ADDED ENTRY--PERSONAL NAME
Personal name Clutterbuck, David.
9 (RLIN) 4013
906 ## - LOCAL DATA ELEMENT F, LDF (RLIN)
a 7
b cbc
c copycat
d 2
e ncip
f 20
g y-gencatlg
942 ## - ADDED ENTRY ELEMENTS (KOHA)
Source of classification or shelving scheme
Koha item type Book
Holdings
Withdrawn status Lost status Source of classification or shelving scheme Damaged status Not for loan Collection code Permanent Location Current Location Shelving location Date acquired Total Checkouts Full call number Barcode Date last seen Date last checked out Price effective from Koha item type
            Central Library (CL) Central Library (CL) General Stacks 08/23/2017 3 158.3 COM S3H-C-151 06/25/2025 02/28/2025 08/23/2017 Book
© 2023 Central Library, National University of Sciences and Technology. All Rights Reserved.